La colonisation de l'imaginaire : societes indigenes et occidentalisation dans le Mexique espagnol, XVIe-XVIIIe siecle
Αποθηκεύτηκε σε:
| Κύριος συγγραφέας: | |
|---|---|
| Μορφή: | Βιβλίο |
| Γλώσσα: | French |
| Δημοσίευση: |
[Paris] :
Gallimard,
c1988
|
| Σειρά: | Bibliotheque des histoires
|
| Θέματα: | |
| Ετικέτες: |
Προσθήκη ετικέτας
Δεν υπάρχουν, Καταχωρήστε ετικέτα πρώτοι!
|
MARC
| LEADER | 00000cam a2200000 i 4500 | ||
|---|---|---|---|
| 001 | 1/5535 | ||
| 008 | 960610s1988 fre d | ||
| 020 | |a 2-07-071090-4 | ||
| 035 | |l 10016037 | ||
| 040 | |a GR-MY-UA |b gre |e aacr | ||
| 041 | 0 | |a fre | |
| 082 | 0 | |a 972.00497 | |
| 100 | 1 | |a Gruzinski, Serge. | |
| 245 | 1 | 3 | |a La colonisation de l'imaginaire : |b societes indigenes et occidentalisation dans le Mexique espagnol, XVIe-XVIIIe siecle / |c Serge Gruzinski |
| 260 | |a [Paris] : |b Gallimard, |c c1988 | ||
| 300 | |a 374 p., [22] p. of plates; |b ill.; |c 23 cm | ||
| 490 | 1 | |a Bibliotheque des histoires | |
| 504 | |a Bibliography: p. [371]-374 | ||
| 650 | 0 | 0 | |a Indians of Mexico |x Cultural assimilation. |
| 650 | 0 | 0 | |a Indians of Mexico |x First contact with Europeans. |
| 651 | 0 | |a Mexico |x Civilization |x Spanish influences. | |
| 830 | 0 | |a Bibliotheque des histoires | |
| 852 | |a INST |b LESVOS |e 19960610 |h 972.00497 GRU |p 005100006340 |q 005100006340 |t BK |y 0 | ||
| 852 | |a INST |b LESVOS |e 19960610 |h 972.00497 GRU |p 005100006821 |q 005100006821 |t BK |y 0 | ||
| 909 | |a Λ |b 034442 | ||
| 909 | |a Λ |b 035124 | ||